000
00281nam a22001337a 4500
008
170130b xxu||||| |||| 00| 0 eng d
020
_a
0471588253
041
_a
eng
080
_a
61
100
_a
3
101
_a
SHMI
245
_a
HEMODYNAMIC ROUNDS
_c
KERN, M.J
942
_2
udc
_c
BK
999
_c
4033
_d
4033